Globalization, intercultural communication and role of english in contemporary modern world

Gespeichert in:
Bibliographische Detailangaben
1. Verfasser: Bláhová, Mária
Format: Buchkapitel
Sprache:Englisch
Schlagworte:
Tags: Tag hinzufügen
Keine Tags, Fügen Sie das erste Tag hinzu!

MARC

LEADER 00000naa$a2200000$$$4500
001 0211497
005 20240502073527.3
041 0 |a eng 
044 |a SK 
245 1 0 |a Globalization, intercultural communication and role of english in contemporary modern world  |c Mária Bláhová 
610 2 0 |a globalizácia 
610 2 0 |a globalizácia hospodárstva 
610 2 0 |a multikulturalizmus 
610 2 0 |a komunikácia multikultúrna 
610 2 0 |a angličtina 
610 2 0 |a vyučovanie 
100 1 |a Bláhová, Mária